000 00377 a2200097 4500
082 _a363.125 DAV
100 _aDavis, A
245 _aProject Report PR/INT/724/03 Improving Road Safety by Reducing Impaired Driving in Developing Countries: A Scoping Study /
_cA Davis...[et al]
260 _aUK :
_bDepartment for International Development,
_c2003
300 _ax, 162p. :
_bill. ;
_c30 cm
650 _aRoad Safety
999 _c2199
_d2199